<?xml version="1.0" encoding="UTF-8"?>
<marc:record xmlns:marc="http://www.loc.gov/MARC21/slim">
   <marc:leader>00000nam a2200000 a 4500</marc:leader>
   <marc:datafield ind1="1" ind2=" " tag="100">
      <marc:subfield code="a">Winterhoff, Michael</marc:subfield>
      <marc:subfield code="4">aut</marc:subfield>
      <marc:subfield code="e">Verfasser/-in</marc:subfield>
   </marc:datafield>
   <marc:datafield ind1="0" ind2="0" tag="245">
      <marc:subfield code="a">Die Wiederentdeckung der Kindheit</marc:subfield>
   </marc:datafield>
   <marc:datafield ind1="0" ind2="0" tag="245">
      <marc:subfield code="c">Michael Winterhoff</marc:subfield>
   </marc:datafield>
   <marc:datafield ind1=" " ind2="1" tag="264">
      <marc:subfield code="a">Gütersloh</marc:subfield>
      <marc:subfield code="b">Gütersloher Verlagsh.</marc:subfield>
      <marc:subfield code="c">2017</marc:subfield>
   </marc:datafield>
   <marc:datafield ind1=" " ind2=" " tag="250">
      <marc:subfield code="a">1. Auflage</marc:subfield>
   </marc:datafield>
   <marc:datafield ind1="1" ind2=" " tag="520">
      <marc:subfield code="a">»Gebt den Kindern ihre Kindheit zurück!«&lt;br/&gt;(Michael Winterhoff)&lt;br/&gt;Die Welt hat sich verändert, die Bedürfnisse von Kindern aber nicht. An Alltagssituationen des 1995 geborenen Alexander sowie von Luis (Jahrgang 2016) zeigt Winterhoff, wie unsere Kinder fast unbemerkt ihre Kindheit verloren und sich dadurch stark verändert haben – nicht immer zum Guten. Eltern und Erziehende erleben das jeden Tag – mit allen Auswüchsen, Unsicherheiten und Sorgen. &lt;br/&gt;Kinder brauchen eine Kindheit, die diesen Namen verdient. Winterhoff erklärt, was dazu gehört. Seine kluge Analyse zeigt Wege, wie Eltern ihren Kindern in einer digitalen Welt Rückzugsorte schaffen können, die für ihre Persönlichkeitsentwicklung unverzichtbar sind. Mit seiner fundierten Kritik am Bildungswesen spricht er Lehrern und Erziehern aus der Seele und ermutigt sie eindrucksvoll, vom Ideal eines beziehungsorientierten Miteinanders nicht abzuweichen.&lt;br/&gt;Beziehungslust statt Erziehungsfrust&lt;br/&gt;Ein Mutmachbuch für Eltern, Lehrer und Erzieher</marc:subfield>
   </marc:datafield>
   <marc:datafield ind1=" " ind2=" " tag="020">
      <marc:subfield code="a">9783579086620</marc:subfield>
      <marc:subfield code="9">9783579086620</marc:subfield>
   </marc:datafield>
   <marc:datafield ind1=" " ind2=" " tag="041">
      <marc:subfield code="a">ger</marc:subfield>
   </marc:datafield>
   <marc:datafield ind1=" " ind2=" " tag="300">
      <marc:subfield code="b">Illustrationen</marc:subfield>
   </marc:datafield>
   <marc:datafield ind1="1" ind2=" " tag="521">
      <marc:subfield code="a">0</marc:subfield>
   </marc:datafield>
   <marc:datafield ind1=" " ind2=" " tag="300">
      <marc:subfield code="a">189 Seiten</marc:subfield>
   </marc:datafield>
</marc:record>
